[Event "19th Skopje Open"]
[Site "Skopje MKD"]
[Date "2011.10.25"]
[Round "2"]
[White "Georgiev,Vl"]
[Black "Krivokapic,M"]
[Result "1-0"]
[WhiteElo "2574"]
[BlackElo "2413"]

1.d4 d5 2.c4 dxc4 3.Nf3 a6 4.e3 Nf6 5.Bxc4 e6 6.O-O c5 7.Bb3 Nc6 8.Nc3 Be7
9.Qe2 cxd4 10.Rd1 e5 11.exd4 exd4 12.Be3 Bg4 13.Ba4 b5 14.Nxb5 axb5 15.Bxb5 O-O
16.Bxc6 Qb6 17.Bxd4 Qxc6 18.Qxe7 Bxf3 19.gxf3 Rfe8 20.Qc5 Qxf3 21.Qc3 Qg4+
22.Qg3 Qf5 23.Re1 Nh5 24.Qg2 h6 25.Re5 Qd3 26.Rae1 Red8 27.Bb6 Nf4 28.Qe4 Rdb8
29.Bd4 Nh3+ 30.Kg2 Qxe4+ 31.R5xe4 Ng5 32.R4e3 Rxa2 33.Be5 Rbxb2 34.Bxb2 Rxb2
35.Re8+ Kh7 36.R1e7 Rb4 37.h3 Kg6 38.Rf8 Rf4 39.Re3 Ne6  1-0

[Event "26th Le Touquet Open"]
[Site "Le Touquet FRA"]
[Date "2011.10.26"]
[Round "7.25"]
[White "O'Sullivan,Thomas"]
[Black "De Bonnieres,P"]
[Result "1-0"]
[WhiteElo "1810"]
[BlackElo "1990"]

1.d4 d5 2.c4 dxc4 3.Nf3 c5 4.e3 Nf6 5.Bxc4 e6 6.O-O cxd4 7.exd4 Nc6 8.Nc3 Be7
9.Bb3 O-O 10.a3 a6 11.Bc2 b5 12.Qd3 Bb7 13.Bg5 g6 14.h4 Re8 15.Rfe1 Qb6 16.Rad1 Rad8
17.Ne4 Nxe4 18.Rxe4 Na5 19.Rf4 Nc4 20.Qe2 Rd7 21.h5 Bxf3 22.Qxf3 Bxg5 23.Rg4 Qd8
24.Qg3 Bf6 25.Rd3 Bg7 26.Rf3 Nd6 27.hxg6 fxg6 28.Rxg6 hxg6 29.Qxg6 Nf5 30.g4 Rxd4
31.gxf5 exf5 32.Bxf5 Re1+ 33.Kg2 Qh4 34.Be6+ Rxe6 35.Qxe6+ Kh7 36.Rh3 Qxh3+
37.Qxh3+ Kg8 38.Qe6+ Kh7 39.Qxa6 Rd2 40.Qxb5 Rxb2 41.Qf5+ Kg8 42.a4 Rb4 43.a5  1-0

[Event "TCh-HUN 2011-12"]
[Site "Nagykanizsa HUN"]
[Date "2011.10.30"]
[Round "2"]
[White "Csonka,B"]
[Black "Gonda,L"]
[Result "0-1"]
[WhiteElo "2289"]
[BlackElo "2520"]

1.d4 d5 2.c4 dxc4 3.Nf3 a6 4.e3 Bg4 5.Bxc4 e6 6.h3 Bh5 7.O-O Nf6 8.Nc3 Nc6
9.Qe2 Bd6 10.Rd1 O-O 11.g4 Nxg4 12.hxg4 Bxg4 13.Ne4 f5 14.Neg5 Qe8 15.Nxe6 Kh8
16.Nf4 Bxf4 17.exf4 Qh5 18.Bd5 Nb4 19.Bxb7 c6 20.Bxc6 Nxc6 21.Rd3 Nxd4 22.Rxd4 Bxf3
23.Qxf3 Qxf3  0-1

[Event "1st Panama Open"]
[Site "Panama City PAN"]
[Date "2011.11.03"]
[Round "2.2"]
[White "Ramirez,Alej"]
[Black "Pina Vega,S"]
[Result "1-0"]
[WhiteElo "2595"]
[BlackElo "2315"]

1.d4 d5 2.c4 dxc4 3.Nf3 a6 4.e3 Bg4 5.Bxc4 e6 6.O-O Nf6 7.h3 Bh5 8.a3 Nc6
9.Nbd2 Bd6 10.Be2 O-O 11.Nc4 b5 12.Nce5 Bxe5 13.dxe5 Qxd1 14.Rxd1 Nd5 15.g4 Bg6
16.Bd2 h6 17.Rdc1 Nde7 18.a4 Rab8 19.axb5 axb5 20.Rc5 Be4 21.Be1 Bd5 22.Rac1 Rb6
23.Nd2 Nxe5 24.e4 Bc4 25.Nxc4 Nxc4 26.b3 Nd6 27.Rxc7 Ng6 28.f3 Ra8 29.Bb4 Ra2
30.R1c2 Rxc2 31.Rxc2 Nf4 32.Bf1 Kh7 33.e5 Nb7 34.Bd2 Nd5 35.Bd3+ g6 36.Be4 b4
37.Bxd5 exd5 38.Be3 Re6 39.Rc7 Na5 40.f4 Nxb3 41.Rxf7+ Kg8 42.Rb7 d4 43.Rxb4 dxe3
44.Rxb3 g5 45.Rxe3 gxf4 46.Re4 Kf7 47.Kf2 Rb6 48.Rxf4+ Ke7 49.Kg3 Rb5 50.Rf5  1-0

[Event "5th Mediterranean Open"]
[Site "Rijeka CRO"]
[Date "2011.11.18"]
[Round "8.2"]
[White "Kuljasevic,D"]
[Black "Haznedaroglu,K"]
[Result "1-0"]
[WhiteElo "2560"]
[BlackElo "2426"]

1.d4 d5 2.c4 dxc4 3.Nf3 a6 4.e3 b5 5.a4 Bb7 6.b3 Nf6 7.bxc4 bxc4 8.Bxc4 e6
9.Nbd2 Be7 10.Nb3 O-O 11.O-O Bd5 12.Qe2 Bxc4 13.Qxc4 Qd5 14.Qxd5 Nxd5 15.Ne5 f6
16.Nd3 Nd7 17.Bd2 f5 18.Rfc1 Bd6 19.Na5 Rfe8 20.Nc6 N7f6 21.f3 g5 22.Nde5 g4
23.Kf2 h5 24.Ke2 Kg7 25.Kd3 Ng8 26.h3 Nge7 27.hxg4 Nxc6 28.Nxc6 hxg4 29.fxg4 Nf6
30.gxf5 exf5 31.Rf1 Kg6 32.Rf3 Ng4 33.a5 Re6 34.Rb1 Rh8 35.Rb8 Rh2 36.Rg8+ Kh7
37.Rg5 Rxg2 38.Rgxf5 Bg3 39.d5 Rg6 40.Rf7+ Rg7 41.Bc3 Rxf7 42.Rxf7+ Kh6 43.e4 Ra2
44.e5 Nf2+ 45.Kc4 Nd1 46.Bd4  1-0

[Event "21st World Seniors"]
[Site "Rijeka CRO"]
[Date "2011.11.22"]
[Round "7.13"]
[White "Chernikov,O1"]
[Black "Lederman,L"]
[Result "1-0"]
[WhiteElo "2402"]
[BlackElo "2267"]

1.d4 d5 2.c4 dxc4 3.Nf3 a6 4.e3 Bg4 5.Bxc4 e6 6.a4 Nf6 7.Qb3 Bxf3 8.gxf3 Nc6
9.Bd2 Rb8 10.Rg1 g6 11.Bc3 Bg7 12.Nd2 O-O 13.f4 Nd5 14.Nf3 Nce7 15.Bd2 b5
16.axb5 axb5 17.Be2 Qd6 18.Ne5 f5 19.h4 Bxe5 20.fxe5 Qd7 21.Bf3 Kf7 22.h5 Rg8
23.hxg6+ hxg6 24.Rc1 Rh8 25.Bb4 c6 26.Bxe7 Nxe7 27.Qb4 Ra8 28.Ke2 Ra6 29.Rh1 Rxh1
30.Rxh1 Kg7 31.d5 Ra4 32.dxc6 Nxc6 33.Bxc6 Qxc6 34.Qe7+ Kg8 35.Qd8+ Kg7 36.Qh8+  1-0

[Event "FSFMB December 2011"]
[Site "Budapest HUN"]
[Date "2011.12.07"]
[Round "5"]
[White "Wanger,T"]
[Black "Mayer,I"]
[Result "0-1"]
[WhiteElo "1846"]
[BlackElo "2031"]

1.d4 d5 2.c4 dxc4 3.Nf3 a6 4.a4 c5 5.e3 cxd4 6.Qxd4 Qxd4 7.exd4 Nc6 8.Bxc4 Bg4
9.Ne5 Nxe5 10.dxe5 Rc8 11.Nd2 e6 12.Be2 Bf5 13.Nc4 Bc5 14.Be3 Ne7 15.Bxc5 Rxc5
16.Nd6+ Kd7 17.Rd1 Kc7 18.b4 Rc2 19.Nxf7 Rf8 20.Nd6 Nd5 21.Nxf5 Rxf5 22.Bd3 Rxe5+
23.Kf1 Ra2 24.Rc1+ Kb8 25.b5 Rd2 26.Bc4 Nb6 27.g3 Rc5 28.Kg2 Rxc4 29.Rxc4 Nxc4
30.Rc1 Nb2 31.bxa6 Nd3 32.Rb1 Rxf2+ 33.Kh3 Rb2 34.Rf1 Nf2+ 35.Kg2 bxa6 36.Rxf2 Rxf2+
37.Kxf2 Kc7 38.Ke3 Kd6 39.Ke4 e5 40.g4 Ke6 41.h4 g6 42.h5 g5 43.a5 h6  0-1

[Event "FSFMA December 2011"]
[Site "Budapest HUN"]
[Date "2011.12.08"]
[Round "6"]
[White "Laza,S"]
[Black "Koczo,K"]
[Result "0-1"]
[WhiteElo "1869"]
[BlackElo "2147"]

1.d4 d5 2.c4 dxc4 3.Nf3 c5 4.Nc3 e6 5.Bg5 f6 6.Bh4 g5 7.Bg3 g4 8.Nd2 cxd4
9.Nb5 e5 10.Qa4 Bd7 11.Qxc4 Bxb5 12.Qxb5+ Qd7 13.Qb3 Nc6 14.h3 Bb4 15.f3 gxf3
16.gxf3 Bxd2+ 17.Kxd2 O-O-O 18.h4 Kb8 19.Rd1 Nge7 20.Kc1 Na5 21.Qb4 Qc7+
22.Kb1 Nd5 23.Qb5 a6 24.Qa4 Rc8 25.Bh3 Qb6 26.Qxd4 Nc3+ 27.Ka1 Nb3+  0-1

[Event "2nd JAHV McGregor Open"]
[Site "Bogota COL"]
[Date "2011.12.10"]
[Round "8"]
[White "Barros,R1"]
[Black "Zuluaga,C"]
[Result "1/2-1/2"]
[WhiteElo "2032"]
[BlackElo "2365"]

1.d4 d5 2.Nf3 c5 3.c4 dxc4 4.Qa4+ Bd7 5.Qxc4 cxd4 6.Qxd4 Nc6 7.Qd1 Nf6 8.e3 e5
9.Be2 Rc8 10.O-O e4 11.Nfd2 Ne5 12.Nxe4 Nxe4 13.Qd5 Rc5 14.Qxe4 Bc6 15.Qd4 Qg5
16.g3 Bf3 17.Qa4+ Ke7 18.Bxf3 Nxf3+ 19.Kg2 Qf5 20.Qf4 Ng5 21.Qxf5 Rxf5 22.Nc3 Ne6
23.e4 Ra5 24.Be3  1/2-1/2

[Event "Arab Games Blitz Men"]
[Site "Doha QAT"]
[Date "2011.12.10"]
[Round "5"]
[White "Salem,AR"]
[Black "Yaaqoub,R"]
[Result "1-0"]
[WhiteElo "2511"]
[BlackElo "2184"]

1.d4 d5 2.c4 dxc4 3.Nf3 c5 4.d5 Nf6 5.Nc3 Qa5 6.Bd2 b5 7.e4 g6 8.e5 Nfd7
9.e6 Nf6 10.exf7+ Kxf7 11.Ng5+ Kg8 12.Be2 h6 13.Ne6 Bxe6 14.dxe6 Nc6 15.Bf3 Rc8
16.O-O Nd4 17.Re1 Bg7 18.Bb7 Rd8 19.Nd5 b4 20.Nxe7+ Kh7 21.Qb1 Rhe8 22.Qxg6+ Kh8
23.Bxh6 Rxe7 24.Bxg7+ Rxg7 25.Qxf6 Qc7 26.e7 Rg8 27.e8=Q Qxb7 28.Qh5+  1-0

[Event "48th Groningen Open A"]
[Site "Groningen NED"]
[Date "2011.12.26"]
[Round "5.13"]
[White "Galoyan,Le"]
[Black "Thesing,M"]
[Result "1-0"]
[WhiteElo "2231"]
[BlackElo "2409"]

1.d4 d5 2.c4 dxc4 3.Nf3 a6 4.a4 Nf6 5.Nc3 Nc6 6.Bg5 Bg4 7.d5 Bxf3 8.gxf3 Na5
9.Qc2 h6 10.Bh4 Qd6 11.Bg3 Qc5 12.Bh3 Nxd5 13.Nxd5 Qxd5 14.Rd1 Qc5 15.Bd7+ Kd8
16.O-O e5 17.Qf5  1-0

[Event "20th Aschacher Donau"]
[Site "Aschach AUT"]
[Date "2011.12.30"]
[Round "6"]
[White "Heyne,M"]
[Black "Wiesinger,R"]
[Result "1/2-1/2"]
[WhiteElo "2199"]
[BlackElo "2277"]

1.d4 d5 2.c4 dxc4 3.Nf3 a6 4.e3 Bg4 5.Bxc4 e6 6.Nc3 Nf6 7.O-O Nc6 8.h3 Bh5
9.b3 Bd6 10.Bb2 O-O 11.Be2 Qe7 12.Na4 Rfd8 13.Rc1 Ne4 14.Nc3 Nxc3 15.Bxc3  1/2-1/2

[Event "Gibraltar Open"]
[Site "Caleta ENG"]
[Date "2012.02.02"]
[Round "10.15"]
[White "Parligras,M"]
[Black "Kanep,M"]
[Result "0-1"]
[WhiteElo "2650"]
[BlackElo "2509"]

1.d4 d5 2.c4 dxc4 3.Nf3 a6 4.a4 Nc6 5.e3 Na5 6.Nbd2 Be6 7.Ng5 Bd5 8.e4 e5
9.Ngf3 exd4 10.exd5 d3 11.Nxc4 Nxc4 12.Bxd3 Bb4+ 13.Kf1 Nb6 14.Bg5 Nf6 15.Bxf6 Qxf6
16.a5 Nd7 17.Qe2+ Kf8 18.h4 Re8 19.Qc2 Ne5 20.Nxe5 Qxe5 21.Kg1 h5 22.Rh3 Bd6
23.Qc3 Rh6 24.Qxe5 Rxe5 25.Rf3 Rf6 26.Rxf6 gxf6 27.Bc4 Re4 28.b3 Rxh4 29.g3 Rd4
30.Ra2 f5 31.Kg2 f4 32.Kf3 fxg3 33.fxg3 Rg4 34.Rg2 Rg5 35.Kf2 Kg7 36.Be2 Rxd5
37.Rh2 Kg6 38.Bf3 Rb5 39.Rh1 c6 40.Kg2 Rg5 41.Rd1 Bxg3 42.Rd7 Bf4+ 43.Kf2 Rb5
44.Be2 Rxb3 45.Bc4 Rb2+ 46.Kf3 Bd2 47.Bxf7+ Kg5 48.Be8 Rb3+ 49.Kg2 Bxa5 50.Rh7 Bc3
51.Rxh5+ Kg4 52.Rh7 Rb2+ 53.Kf1 a5 54.Bd7+ Kg5 55.Rh3 Rc2 56.Rf3 a4 57.Rf5+ Kh6
58.Rf2 Rxf2+ 59.Kxf2 Kg5 60.Ke3 a3 61.Be6 Kf6 62.Ba2 Ke5 63.Kd3 Bb4 64.Kc4 Bf8
65.Bb1 b5+ 66.Kb3 Kd4 67.Bg6 b4  0-1

[Event "PriFO Champ RUS 2012"]
[Site "Tolyatti RUS"]
[Date "2012.02.27"]
[Round "1.21"]
[White "Faizrakhmanov,Ramil"]
[Black "Skomorokhin,R"]
[Result "0-1"]
[WhiteElo "2190"]
[BlackElo "2376"]

1.d4 d5 2.c4 dxc4 3.Nf3 a6 4.e3 Nf6 5.Bxc4 e6 6.a4 c5 7.O-O Nc6 8.Nc3 Be7
9.dxc5 O-O 10.Qe2 Bxc5 11.Rd1 Qc7 12.Bd2 b6 13.Rac1 Bb7 14.Be1 Ne5 15.Nxe5 Qxe5
16.h3 h5 17.Kh1 g5 18.Nb1 Qe4 19.Qf1 a5 20.Nd2 Qf5 21.Kg1 Rfd8 22.Nb3 Bd6
23.Bc3 g4 24.Nd4 Qg5 25.Nb5 Bc5 26.Nc7 gxh3 27.g3 h2+ 28.Kxh2 Ng4+ 29.Kg1 Nxe3
30.Nxe6 fxe6 31.Qh3 Nxc4 32.Qxe6+ Kf8  0-1

[Event "TCh-CZE Extraliga 2011-12"]
[Site "Czech Republic CZE"]
[Date "2012.03.03"]
[Round "7.1"]
[White "Polak,T"]
[Black "Mista,A"]
[Result "1/2-1/2"]
[WhiteElo "2543"]
[BlackElo "2561"]

1.d4 d5 2.c4 dxc4 3.Nf3 a6 4.e3 b5 5.a4 Bb7 6.b3 e6 7.axb5 axb5 8.Rxa8 Bxa8
9.bxc4 bxc4 10.Bxc4 Nf6 11.O-O Be7 12.Nc3 O-O 13.Qe2  1/2-1/2

[Event "European Ind w Rapid 2012"]
[Site "Gaziantep TUR"]
[Date "2012.03.16"]
[Round "7"]
[White "Kashlinskaya,A"]
[Black "Ozturk,Ku"]
[Result "1/2-1/2"]
[WhiteElo "2377"]
[BlackElo "2314"]

1.d4 d5 2.c4 dxc4 3.Nf3 a6 4.e4 b5 5.Bg5 Bb7 6.Nc3 Nf6 7.Qc2 h6 8.Bh4 g5
9.Bg3 g4 10.Nh4 Qxd4 11.Nf5 Qb6 12.O-O-O e6 13.e5 Nd5 14.Nxd5 Bxd5 15.Ne3 Nc6
16.Nxd5 exd5 17.Qf5 Ne7 18.Qxg4 h5 19.Qf3 h4 20.Bf4 O-O-O 21.Bd3 Bh6 22.Bxh6 cxd3
23.Bf4 h3 24.g4 Nc6 25.Rxd3 Nd4  1/2-1/2

[Event "13th EICC"]
[Site "Plovdiv BUL"]
[Date "2012.03.20"]
[Round "1.26"]
[White "Berkes,F"]
[Black "Zaslavsky,M"]
[Result "1/2-1/2"]
[WhiteElo "2682"]
[BlackElo "2450"]

1.d4 d5 2.c4 dxc4 3.Nf3 c5 4.e4 cxd4 5.Qxd4 Qxd4 6.Nxd4 a6 7.Bxc4 e5 8.Nb3 Nf6
9.f3 Nbd7 10.Be3 b6 11.N1d2 Bb7 12.Be2 Rb8 13.Nc4 Ba8 14.O-O-O Be7 15.Nd6+ Bxd6
16.Rxd6 Ke7 17.Rhd1 Bb7 18.Kb1 Rhd8 19.Bg5 Nf8 20.R6d2 Ne6 21.Be3 Rxd2 22.Nxd2 b5
23.Nb3 Rd8 24.Bd2 Ke8 25.Rc1 Nd7 26.Be3 Rc8 27.Rd1 Ba8 28.Na5 Nb8 29.a4 Nc6
30.Nxc6 Bxc6 31.Ka2 Rd8 32.Rc1 Kd7 33.Ka3 Rb8 34.h4 bxa4 35.Bc4 Bb5 36.Bd5 Rc8
37.Rxc8 Kxc8 38.Kb4 Kc7 39.g3 Kd6 40.Ka5 f6 41.Kb6 g5 42.Bd2 Kd7 43.hxg5 fxg5
44.Bc3 Be2 45.Bxe5 Bxf3 46.Bf6 h5 47.Bc6+ Kc8 48.Bb7+ Kd7 49.Bxa6 Bxe4 50.Bb5+ Kd6
51.Bxa4 Nc5 52.Bb5 Nd7+ 53.Bxd7 Kxd7 54.Bxg5 Kc8 55.b4  1/2-1/2

[Event "TCh-HUN 2011-12"]
[Site "Budapest HUN"]
[Date "2012.03.25"]
[Round "8"]
[White "Seres,L"]
[Black "Gonda,L"]
[Result "1/2-1/2"]
[WhiteElo "2461"]
[BlackElo "2520"]

1.d4 d5 2.c4 dxc4 3.Nf3 a6 4.e3 Bg4 5.Bxc4 e6 6.h3 Bh5 7.Nc3 Nc6 8.O-O Nf6
9.Be2 Bd6 10.a3 O-O 11.b4 Qe7 12.Bb2 Rfd8 13.Rc1 Bg6 14.Nh4 e5 15.Nxg6 hxg6
16.d5 Nb8 17.e4 a5 18.bxa5 Rxa5 19.Qc2 Nbd7 20.Nb5 Nc5 21.Bc3 Rxb5 22.Bxb5 Ncxe4
23.Bb2 Ng5 24.Rfd1 Nh5 25.h4 Nh7 26.g3  1/2-1/2

[Event "ch-VIE Men KO 2012"]
[Site "Can Tho VIE"]
[Date "2012.03.27"]
[Round "2.1"]
[White "Nguyen Van Huy"]
[Black "Dao Thien Hai"]
[Result "1-0"]
[WhiteElo "2485"]
[BlackElo "2516"]

1.Nf3 d5 2.d4 c5 3.c4 dxc4 4.d5 e6 5.Nc3 exd5 6.Qxd5 Qxd5 7.Nxd5 Bd6 8.Nd2 Nd7
9.Nxc4 Bb8 10.g3 Ngf6 11.Nxf6+ Nxf6 12.Bg2 Bc7 13.Be3 Nd7 14.O-O Rb8 15.Rfd1 b6
16.Nd6+ Bxd6 17.Rxd6 Bb7 18.Rad1 Bxg2 19.Rxd7 Bc6 20.Rxa7 O-O 21.Bf4 Ra8
22.Rxa8 Rxa8 23.Bc7 b5 24.Rd6 Be8 25.Bb6 f6 26.a3 Rc8 27.Rd5 c4 28.Ba5 Bc6
29.Rd6 Kf7 30.f3 Be8 31.Kf2 Rc6 32.Rd8 Re6 33.Bb4 g5 34.g4 h5 35.h3 hxg4
36.hxg4 Bc6 37.Rc8 Bd7 38.Ra8 Rc6 39.Rf8+ Ke6 40.Rh8 Rc7 41.Rh7 f5 42.gxf5+ Kxf5
43.Rh6 Rc6 44.e4+ Ke5 45.Bc3+ Kf4 46.Bd2+ Ke5 47.Rxc6 Bxc6 48.Bxg5 Kd4 49.Ke2  1-0

[Event "13th EICC"]
[Site "Plovdiv BUL"]
[Date "2012.03.31"]
[Round "11.117"]
[White "Izzat,Kanan"]
[Black "Zaslavsky,M"]
[Result "1/2-1/2"]
[WhiteElo "2319"]
[BlackElo "2450"]

1.d4 d5 2.Nf3 c5 3.c4 dxc4 4.e3 cxd4 5.exd4 Be6 6.Na3 Nc6 7.Nxc4 g6 8.Nce5 Bd5
9.Nxc6 bxc6 10.Be2 Bg7 11.O-O Nf6 12.Bf4 O-O 13.Be5 Qb6 14.Qc2 Rac8 15.b3 c5
16.Rac1 Bh6 17.dxc5 Bxc1 18.Rxc1 Qe6 19.Bb2 a5 20.Ne5 Rfd8 21.Qc3 Ne4 22.Qe3 Rc7
23.Qd4 f6 24.Nd3 Qc8 25.Qe3 Ng5 26.Nf4 Bf7 27.h4 Ne6 28.Bg4 Rxc5 29.Rxc5 Qxc5
30.Bxe6 Rd1+ 31.Kh2 Qd6 32.Bxf7+ Kxf7 33.Qf3 e5 34.Qb7+ Qd7 35.Qa6 Rd6 36.Qc4+ Kg7
37.Ne2 Rd2 38.Bc3 Rc2 39.Qe4 Rxa2 40.h5 Qf5 41.Ng3 Qxf2 42.Bxa5 Qf4 43.Bb4 Rb2
44.Qb7+ Kh6 45.Kh3 Kg5 46.Ne4+ Kf5 47.Ng3+ Kg5 48.Ne4+ Kf5 49.Nd6+ Kg5 50.Ne4+  1/2-1/2

[Event "FSGM April 2012"]
[Site "Budapest HUN"]
[Date "2012.04.15"]
[Round "9"]
[White "Flumbort,A"]
[Black "Fodor,T jr"]
[Result "1/2-1/2"]
[WhiteElo "2530"]
[BlackElo "2482"]

1.d4 d5 2.c4 dxc4 3.Nf3 a6 4.e3 Bg4 5.Bxc4 e6 6.Nc3 Nc6 7.h3 Bh5 8.Be2 Nf6
9.O-O Bd6 10.b3 O-O 11.Bb2 Qe7 12.Nd2 Bxe2 13.Qxe2 e5 14.dxe5 Nxe5 15.Nde4 Nxe4
16.Nxe4 Ba3 17.Bxa3 Qxa3 18.Rac1 Qe7  1/2-1/2

[Event "14th Dubai Open 2012"]
[Site "Dubai UAE"]
[Date "2012.04.17"]
[Round "3.5"]
[White "Mchedlishvili,M"]
[Black "Raetsky,A"]
[Result "1-0"]
[WhiteElo "2626"]
[BlackElo "2461"]

1.d4 d5 2.c4 dxc4 3.Nf3 a6 4.e3 Bg4 5.Bxc4 e6 6.Qb3 Bxf3 7.gxf3 b5 8.Be2 Nf6
9.a4 b4 10.Nd2 c5 11.dxc5 Bxc5 12.a5 O-O 13.Nc4 Nbd7 14.O-O Qb8 15.Bd2 Rd8
16.Rfd1 Bf8 17.Be1 Nd5 18.Qc2 Nc5 19.Rd2 b3 20.Qd1 Be7 21.f4 Ne4 22.Rd4 f5
23.Ne5 Bf6 24.Nc6 Bxd4 25.Nxb8 Nxe3 26.Qxb3 Raxb8 27.Qxe6+ Kh8 28.fxe3 Bxe3+
29.Kf1 Bxf4 30.Qxf5 Nd2+ 31.Kg2 Rf8 32.Qd3 Rxb2 33.Rd1 Nb3 34.Bc3 Ra2 35.Kh1 Nc1
36.Qd8 Rg8 37.Bxg7+ Kxg7 38.Rg1+  1-0

[Event "Frauenbundesliga 2011-12"]
[Site "Germany GER"]
[Date "2012.04.22"]
[Round "10.3"]
[White "Steinbacher,C"]
[Black "Heinatz,G"]
[Result "0-1"]
[WhiteElo "2106"]
[BlackElo "2218"]

1.d4 d5 2.c4 dxc4 3.Nf3 a6 4.a4 Nf6 5.Nc3 Nc6 6.e3 Na5 7.Ne5 Be6 8.Bd2 c6
9.Be2 g6 10.O-O Bg7 11.Qe1 O-O 12.Rd1 b5 13.Nb1 Nb3 14.Nxc6 Qc7 15.Ne5 Bf5
16.Na3 Rab8 17.Nf3 Ne4 18.axb5 axb5 19.Bb4 Rfc8 20.Nh4 Be6 21.f3 Nd6 22.f4 Bd5
23.Bf3 Qc6 24.Nb1 e6 25.Nd2 Nxd2 26.Qxd2 Ne4 27.Qe2 Bf6 28.Qe1 Ra8 29.Bxe4 Bxe4
30.Nf3 Ra4 31.Qd2 Rca8 32.Ne5 Qd5 33.Ng4 Bd8 34.Bc5 h5 35.Ne5 Ba5 36.Qf2 Bd8
37.g4 hxg4 38.Nxg4 Qh5 39.Ne5 Bh4 40.Qd2 f6  0-1

[Event "TCh-AUT 2 Ost 2011-12"]
[Site "Bruck AUT"]
[Date "2012.04.28"]
[Round "10"]
[White "Beck,Hart"]
[Black "Maros,M"]
[Result "1/2-1/2"]
[WhiteElo "2305"]
[BlackElo "2336"]

1.d4 d5 2.c4 dxc4 3.Nf3 c5 4.e3 cxd4 5.Qxd4 Qxd4 6.Nxd4 Bd7 7.Bxc4 Nc6 8.Nxc6 Bxc6
9.O-O Nf6 10.Nc3 a6 11.b3 e6 12.Bb2 Be7 13.Rfd1 O-O 14.Rac1 Rfd8 15.f3 Rxd1+
16.Rxd1 Rd8 17.Rxd8+ Bxd8 18.Ne2 Be7 19.Nc3 Kf8 20.Kf2 Bc5 21.Na4 Be7 22.Nc3 Bc5
23.Na4 Be7 24.Nc3  1/2-1/2

[Event "NK Jeugd A 2012"]
[Site "Haarlem NED"]
[Date "2012.04.29"]
[Round "2.3"]
[White "Maatman,Nick"]
[Black "De Jongh,Adriaan"]
[Result "1/2-1/2"]
[WhiteElo "2068"]
[BlackElo "2197"]

1.d4 d5 2.c4 dxc4 3.Nf3 a6 4.e3 Nf6 5.Bxc4 e6 6.O-O c5 7.dxc5 Bxc5 8.Qxd8+ Kxd8
9.Be2 Nc6 10.Rd1+ Ke7 11.Nbd2 Rd8 12.Ne1 Bd6 13.b3 b5 14.a4 Rb8 15.axb5 axb5
16.Bb2 Be5 17.Bxe5 Nxe5 18.Ndf3 Rxd1 19.Bxd1 Nc6 20.Nd3 Nd7 21.Kf1 Bb7 22.Ng5 h6
23.Ne4 Ra8 24.Rxa8 Bxa8 25.Nc3 Bb7 26.Bf3 b4 27.Bxc6 Bxc6 28.Nxb4 Bb7 29.Na4 g5
30.f3 f5 31.Kf2 Kd6 32.Nc2 e5 33.g3 Bd5 34.Na1 Nc5 35.Nxc5 Kxc5 36.f4 Kb4
37.Nc2+ Kxb3 38.Ne1 exf4 39.exf4 gxf4 40.Nd3 fxg3+ 41.Kxg3 Kc3 42.Ne5 Kd4
43.Kf4 Be6 44.Nf3+ Kd5 45.Nh4 Kd6 46.Nxf5+ Bxf5 47.Kxf5 Ke7 48.Kg6 Kf8 49.Kxh6 Kg8
50.h4  1/2-1/2

[Event "Open Hradec Kralove 2012"]
[Site "Hradec Kralove CZE"]
[Date "2012.05.15"]
[Round "5"]
[White "Jedlicka,A"]
[Black "Korinek,P"]
[Result "1-0"]
[WhiteElo "2215"]
[BlackElo "1969"]

1.d4 d5 2.c4 dxc4 3.Nf3 c5 4.Nc3 cxd4 5.Qxd4 Qxd4 6.Nxd4 e6 7.e4 a6 8.Bxc4 Ne7
9.Be3 Nbc6 10.Nb3 g6 11.Be2 Bg7 12.Rc1 O-O 13.O-O Re8 14.Rfd1 h5 15.Nc5 Rd8
16.Rxd8+ Nxd8 17.Rd1 Nec6 18.N3a4 Bf8 19.Bg5 b5 20.Bxd8 bxa4 21.Nxa4 Nxd8
22.Rxd8 Bb7 23.Rxa8 Bxa8 24.Bxa6 Bxe4 25.Nc3 Bc6 26.Bb5 Bb7 27.a3 Bg7 28.a4  1-0

[Event "TCh-HUN 2011-12"]
[Site "Paks HUN"]
[Date "2012.05.20"]
[Round "11"]
[White "Csiszar,Z"]
[Black "Fodor,T jr"]
[Result "0-1"]
[WhiteElo "2272"]
[BlackElo "2476"]

1.d4 d5 2.c4 dxc4 3.Nf3 a6 4.e3 Bg4 5.Bxc4 e6 6.O-O Nc6 7.b3 Nf6 8.Bb2 Bd6
9.Nbd2 O-O 10.Be2 Re8 11.Nc4 Bf8 12.Rc1 Bf5 13.Nce5 Nxe5 14.Nxe5 c6 15.Bf3 Rc8
16.Qe2 Be4 17.Bxe4 Nxe4 18.Qf3 Nd6 19.Ba3 f6 20.Bxd6 Bxd6 21.Nd3 Qa5 22.Rc2 Rcd8
23.Qe2 Qb5 24.Re1 e5 25.dxe5 Bxe5 26.Nxe5 Qxe2 27.Rcxe2 Rxe5 28.e4 a5 29.f3 Kf7
30.Kf2 Rc5 31.Ke3 Rc3+ 32.Kf4 Ke6 33.h4 b5 34.Rf2 Rd4 35.Ree2 a4 36.Rc2 Rxc2
37.Rxc2 Kd6 38.Ke3 c5 39.h5 Kc6 40.Kf4 g6 41.bxa4 Rxa4 42.g4 Ra3 43.hxg6 hxg6
44.Rf2 c4 45.g5 fxg5+ 46.Kxg5 b4 47.e5 Kd5 48.f4 Ra6 49.Rd2+ Ke4 50.Rd6 Rxa2
51.e6 Ra8 52.Rb6 b3 53.Rb4 Kd5 54.Kxg6 Kxe6 55.f5+ Kd5 56.f6 Kd4 57.f7 Kc3
58.Ra4 Rf8  0-1

[Event "4th Limpedea Cup"]
[Site "Baia Sprie ROU"]
[Date "2012.05.26"]
[Round "8.2"]
[White "Dumitrache,D"]
[Black "Fodor,T jr"]
[Result "1/2-1/2"]
[WhiteElo "2446"]
[BlackElo "2502"]

1.d4 d5 2.c4 dxc4 3.Nf3 a6 4.e3 Bg4 5.Bxc4 e6 6.Nc3 Nc6 7.Be2 Nf6 8.a3 Bd6
9.h3 Bh5 10.b4 O-O 11.Bb2 Bg6 12.Nh4 e5 13.Nxg6 hxg6 14.dxe5 Nxe5 15.O-O Qe7
16.Nd5 Nxd5 17.Qxd5 Nc6 18.Bf3 Rab8 19.Qe4 Be5 20.Bxe5 Nxe5 21.Be2 Rfe8 22.Rfd1 Qf6
23.Rac1 c6 24.Rd2 Nd7 25.Qc2 Nf8 26.Rcd1 Rbd8 27.Bc4 Rxd2 28.Qxd2 Ne6 29.Bxe6 Qxe6
30.Qd7 Qe7 31.Qxe7 Rxe7 32.Rd8+ Kh7 33.h4 f6 34.Kh2 Rc7 35.Rb8 c5  1/2-1/2

[Event "FSFMA June 2012"]
[Site "Budapest HUN"]
[Date "2012.06.02"]
[Round "1.4"]
[White "Krstulovic,Alex"]
[Black "Mayer,I"]
[Result "1/2-1/2"]
[WhiteElo "1801"]
[BlackElo "2038"]

1.d4 d5 2.c4 dxc4 3.Nf3 a6 4.a4 Nf6 5.e3 e6 6.Bxc4 Bb4+ 7.Bd2 Qe7 8.O-O O-O
9.Qe2 Bxd2 10.Nbxd2 c5 11.Rac1 cxd4 12.Nxd4 e5 13.N4b3 Nc6 14.Nc5 e4 15.h3 Kh8
16.Ncb3 Qb4 17.Ra1 Ne5 18.Rfd1 Bd7 19.a5 Ba4 20.Rdc1 Rac8 21.Nd4 Nc6 22.Nxc6 Bxc6
23.b3 Nd7 24.Kh1 Ne5 25.Rd1 f5 26.g3 Nd3 27.Kh2 Bb5 28.Rdb1 Ne5 29.Bxb5 axb5
30.Nf1 Rc6 31.Rc1 Rfc8 32.Rxc6 Rxc6 33.Qh5 g6 34.Qh6 Qe7 35.Qf4 g5 36.Qxf5 Rf6
37.Qc8+ Kg7 38.Ra2 Qf7 39.Qc2 Nd3 40.f4 Nb4 41.Qb2 gxf4 42.Ra1 Nd3 43.Qc3 b4
44.Qc4 fxg3+ 45.Nxg3 Rf2+ 46.Kg1 Qg6 47.Qc7+ Rf7 48.Qb8 Qg5 49.Kh1 Qh4 50.Kg2 Qe7
51.Rf1 Rxf1 52.Nxf1 Qf7 53.Qg3+ Qg6 54.Nd2 Nc5 55.Kh2 Kf8 56.Qb8+ Qe8 57.Qd6+ Qe7  1/2-1/2

[Event "TCh-SUI National A 2012"]
[Site "Switzerland SUI"]
[Date "2012.06.03"]
[Round "4.5"]
[White "Almada,E"]
[Black "Papa,S"]
[Result "1/2-1/2"]
[WhiteElo "2352"]
[BlackElo "2396"]

1.d4 d5 2.c4 dxc4 3.Nf3 a6 4.e3 b5 5.a4 Bb7 6.b3 e6 7.axb5 axb5 8.Rxa8 Bxa8
9.bxc4 bxc4 10.Bxc4 Nf6 11.Qa4+ Bc6 12.Bb5 Bxb5 13.Qxb5+ c6 14.Qb7 Bd6 15.O-O O-O
16.Ba3 Bxa3 17.Nxa3 Qc8 18.Qa7 Nbd7 19.Nc4  1/2-1/2

[Event "FSFMA June 2012"]
[Site "Budapest HUN"]
[Date "2012.06.09"]
[Round "7.1"]
[White "Krstulovic,Alex"]
[Black "Farkas,R"]
[Result "0-1"]
[WhiteElo "1801"]
[BlackElo "2112"]

1.d4 d5 2.c4 dxc4 3.Nf3 a6 4.a4 Nc6 5.e3 e5 6.d5 Na5 7.Nxe5 Nb3 8.Ra2 Nxc1
9.Qxc1 Bb4+ 10.Nc3 Qxd5 11.Nf3 Nf6 12.Be2 Ne4 13.O-O Bxc3 14.bxc3 Be6 15.Rd1 Qa5
16.Ra3 O-O 17.Rd4 Nd6 18.h3 h6 19.e4 Qc5 20.Qa1 Rab8 21.Qa2 b5 22.axb5 Nxb5
23.Ra5 Qe7 24.Bxc4 Nxd4 25.Nxd4 Bxc4 26.Qxc4 Qxe4 27.Qxc7 Rfc8 28.Qg3 Rb1+
29.Kh2 Qe1  0-1

[Event "FSFMA June 2012"]
[Site "Budapest HUN"]
[Date "2012.06.10"]
[Round "8.5"]
[White "Krstulovic,Alex"]
[Black "Gyomber,T"]
[Result "1-0"]
[WhiteElo "1801"]
[BlackElo "2059"]

1.d4 d5 2.c4 dxc4 3.Nf3 a6 4.e4 b5 5.a4 Bb7 6.axb5 axb5 7.Rxa8 Bxa8 8.Nc3 c6
9.Be2 e6 10.O-O Bb4 11.Bg5 Ne7 12.Qa1 Bxc3 13.bxc3 Nd7 14.Bxe7 Kxe7 15.Qa3+ Ke8
16.Ne5 f6 17.Bh5+ g6 18.Nxg6 b4 19.Nxh8+ Kf8 20.Qxb4+ Kg7 21.Nf7  1-0

[Event "Server24Chess 2012"]
[Site "Ortisei ITA"]
[Date "2012.06.10"]
[Round "9"]
[White "Zucchelli,M"]
[Black "Molina,Fa"]
[Result "1/2-1/2"]
[WhiteElo "2169"]
[BlackElo "2269"]

1.d4 d5 2.c4 dxc4 3.Nf3 a6 4.e3 Nf6 5.Bxc4 e6 6.O-O Nbd7 7.a4 b6 8.Qe2 Bb7
9.Nbd2 c5 10.b3 cxd4 11.Nxd4 Bd6 12.N2f3 O-O 13.Bb2 Nc5 14.Rfd1 Qe7 15.h3 Nce4
16.Rac1 Rfc8 17.Rc2 h6 18.Rdc1 Nc5 19.Nd2 Nfd7 20.N4f3 Rd8 21.e4 Bf4 22.g3 Bb8
23.Ra1 Nf6 24.e5 Nd5 25.Ba3 Qd7 26.Bxc5 bxc5 27.Ne4 Nb6 28.Rd2 Qe7 29.Rad1 Rxd2
30.Rxd2 Bc7 31.Nd6 Bc6 32.Ne4 Nd7 33.Qe3 Rd8 34.Bxa6 Nxe5  1/2-1/2

[Event "Paleros Open"]
[Site "Paleros GRE"]
[Date "2012.06.22"]
[Round "8"]
[White "Antic,De"]
[Black "Zavoronkov,V"]
[Result "1/2-1/2"]
[WhiteElo "2518"]
[BlackElo "2371"]

1.d4 d5 2.c4 dxc4 3.Nf3 a6 4.e3 b5 5.a4 Bb7 6.b3 e6 7.bxc4 bxc4 8.Bxc4 Nf6
9.O-O Nbd7 10.Nbd2 c5 11.Rb1 Ra7 12.Bd3 Be7 13.Nc4 cxd4 14.exd4 O-O 15.Bd2 Be4
16.Ba5 Qa8 17.Nb6 Nxb6 18.Bxb6 Bxd3 19.Qxd3 Rd7 20.Ne5 Rd5 21.Rfc1 Nd7 22.Nc6 Bf6
23.a5 Ne5 24.Qc3 Nxc6 25.Qxc6 Bxd4 26.Qxa8 Rxa8 27.Rc6 e5 28.Bxd4 exd4 29.Rxa6 Re8
30.f3 d3 31.Rd1 g6 32.Rd2 Kg7 33.Kf2 Ree5  1/2-1/2